| 000 | 00930nam a2200289 a 4500 | ||
|---|---|---|---|
| 003 | AR-BaBNM | ||
| 005 | 20251128205214.0 | ||
| 008 | 082120s2002 ||||||||||||||000 | spa|| | ||
| 020 | _a950-9843-27-X | ||
| 040 | _cAR-BaBNM | ||
| 100 | 1 | _aMariluz Urquijo, José María | |
| 245 | 0 | 0 |
_aLa Junta de Historia y Numismática Americana y el movimiento historiográfico en la Argentina _b1893-1938. 1 |
| 250 | _a1ª ed. | ||
| 260 |
_aBuenos Aires _bAcademia Nacional de la Historia {Buenos Aires} _c1995 |
||
| 300 |
_a367 p. _bil |
||
| 500 | _aContiene índice de ilustraciones p. 361-364 | ||
| 650 | 4 | _aHISTORIA ARGENTINA | |
| 650 | 4 | _aHISTORIOGRAFIA | |
| 650 | 4 | _aHISTORIADORES | |
| 650 | 4 | _aNUMISMATICA | |
| 650 | 4 | _aHISTORIA Y ESTUDIOS CONEXOS | |
| 700 | 1 | _aTau Anzoátegui, Víctor | |
| 700 | 1 | _aMaeder, Ernesto J.A. | |
| 710 | 2 | _aAcademia Nacional de la Historia [Argentina] | |
| 942 | _cBK | ||
| 998 | _cmariana | ||
| 999 |
_c10440 _d10440 |
||